000 00799nam a2200241Ia 4500
003 OSt
005 20220203160712.0
008 210716s2003 xx 000 0 und d
020 _a8178085720
040 _cAIMIT LIBRARY
041 _aeng
082 _a658.4
_28
_bHERP
100 _aHersey, Paul.
_916495
245 _aManagement of organizational behavior:
_bleading human resources /
_cBy Paul Hersey, Kenneth H. Blanchard and Dewey E. Johnson.
250 _a8th ed.
260 _aNew Delhi :
_bPrentice Hall of India PVt Ltd ,
_c2003.
300 _aXxiv, 516p. ;
_c24 cm.
650 _aDiagnosing the environment
_916496
650 _aEffective communication
_916497
700 _aBlanchard, Kenneth H.
_916498
700 _aJohnson, Dewey E.
_916499
942 _2ddc
_cBK
_e8th
_k658.4 HERP
999 _c200506
_d200506